Worte und Blut: das männliche Selbst im Übergang zur Neuzeit

Guardado en:  
Detalles Bibliográficos
Autor principal: Wieland, Karin 1958- (Autor)
Tipo de documento: Print Libro
Lenguaje:Alemán
Publicado: Frankfurt am Main Suhrkamp 1998
En:Año: 1998
Edición:Orig.-Ausg., Erstausg., 1. Aufl.
Acceso en línea: Índice
Índice
Verificar disponibilidad: HBZ Gateway
Servicio de pedido Subito: Pedir ahora.
Palabras clave:

MARC

LEADER 00000cam a2200000 c 4500
001 236890697
003 DE-627
005 20260206203944.0
007 tu
008 971124s1998 gw ||||| 00| ||ger c
015 |a 99,A11,2023  |2 dnb 
016 7 |a 95552508X  |2 DE-101 
020 |a 3518117408  |c  : DM 27,80 (kart.)  |9 3-518-11740-8 
035 |a (DE-627)236890697 
035 |a (DE-603)061148717 
035 |a (DE-576)059775564 
035 |a (DE-599)GBV236890697 
035 |a (OCoLC)264028566 
035 |a (OCoLC)42431135 
035 |a (DE-604)8123619890 
035 |a (DE-H357)his16846 
040 |a DE-627  |b ger  |c DE-627  |e rakwb 
041 |a ger 
044 |c XA-DE 
050 0 |a HQ1090.7.E85 
082 0 |a 305.31/094 
082 0 |a 305.31094 
082 0 4 |a 11  |q dnb 
084 |a S 547  |2 sfb 
084 |a 64  |2 sdnb 
084 |a 64  |a 11  |a 63  |2 sdnb 
084 |a LB 44000  |2 rvk  |0 (DE-625)rvk/90559:772 
084 |a NW 8200  |2 rvk  |0 (DE-625)rvk/132308: 
084 |a MS 2850  |2 rvk  |0 (DE-625)rvk/123647: 
084 |a 71.32  |2 bkl 
084 |a 15.07  |2 bkl 
084 |a 71.33  |2 bkl 
100 1 |a Wieland, Karin  |d 1958-  |0 (DE-588)120749998  |0 (DE-627)080866700  |0 (DE-576)292366906  |4 aut 
109 |a Wieland, Karin 1958- 
245 1 0 |a Worte und Blut  |b das männliche Selbst im Übergang zur Neuzeit  |c Karin Wieland 
250 |a Orig.-Ausg., Erstausg., 1. Aufl. 
264 1 |a Frankfurt am Main  |b Suhrkamp  |c 1998 
300 |a 366 S.  |c 18 cm 
336 |a Text  |b txt  |2 rdacontent 
337 |a ohne Hilfsmittel zu benutzen  |b n  |2 rdamedia 
338 |a Band  |b nc  |2 rdacarrier 
361 1 |5 DE-32  |y 736031006  |s 219588 - A  |o Vorbesitz  |a Literarische Bibliothek Siegfried Unseld  |0 (DE-588)1082323314  |0 (DE-627)847321843  |0 (DE-576)455352682  |f Stempel 
490 0 |a Edition Suhrkamp  |v 1740 = N.F., 740  |a Gender studies 
490 0 |a Gender studies 
500 |a Literaturverz. S. 347 - [367] 
505 8 |a Literaturverz. S. 347 - [367] 
505 8 |a Literaturverz. S. 347 - [367] 
583 1 |a Archivierung/Langzeitarchivierung gewährleistet  |f SLG  |z Frankreichforschung  |2 pdager  |5 DE-77 
648 7 |a Geschichte 1000-1500  |2 gnd 
648 4 |a Geschichte 1000-1500 
650 4 |a Männlichkeit 
650 4 |a Mann 
650 4 |a Entwicklungspsychologie 
650 4 |a Ordnung 
689 0 0 |d s  |0 (DE-588)4123701-8  |0 (DE-627)104682345  |0 (DE-576)209561939  |a Männlichkeit  |2 gnd 
689 0 1 |d s  |0 (DE-588)4077587-2  |0 (DE-627)106079697  |0 (DE-576)209205733  |a Sozialer Wandel  |2 gnd 
689 0 2 |a z  |2 gnd  |a Geschichte 1000-1500 
689 0 |5 DE-101 
856 4 2 |u http://www.gbv.de/dms/hbz/toc/ht010295739.pdf  |m V:DE-605  |q pdf/application  |v 2008-11-15  |x Verlag  |y Inhaltsverzeichnis  |3 Inhaltsverzeichnis  |7 1 
856 4 2 |u http://scans.hebis.de/HEBCGI/show.pl?06114871_toc.pdf  |m V:DE-603;B:DE-17  |q application/pdf  |3 Inhaltsverzeichnis  |7 1 
889 |w (DE-576)452008751 
889 |w (DE-627)338973117 
889 |w (DE-627)1522008756 
935 |a MZFRA 
935 |i Blocktest 
935 |h HEB  |i 0501 
935 |h HEB  |i 0503 
936 r v |a LB 44000  |b Darstellung ohne geografischen Bezug  |k Sozial- und Kulturanthropologie. Empirische Kulturwissenschaft  |k Soziale und politische Organisation und Praxis  |k Ethnologische Geschlechter- und Sexualitätsforschung  |k Darstellung ohne geografischen Bezug  |0 (DE-627)1271484374  |0 (DE-625)rvk/90559:772  |0 (DE-576)201484374 
936 r v |a NW 8200  |b Beziehungen der Stände und Schichten zueinander  |k Geschichte  |k Wirtschafts- und Sozialgeschichte  |k Spezielle Sozialgeschichte  |k Einzelne Stände und Gesellschaftsgruppen  |k Beziehungen der Stände und Schichten zueinander  |0 (DE-627)1271489929  |0 (DE-625)rvk/132308:  |0 (DE-576)201489929 
936 r v |a MS 2850  |b Geschlechterrolle und Sexualverhalten  |k Soziologie  |k Spezielle Soziologien  |k Soziologische Geschlechterforschung (Gender Studies)  |k Geschlechterrolle und Sexualverhalten  |0 (DE-627)1271156059  |0 (DE-625)rvk/123647:  |0 (DE-576)201156059 
936 b k |a 71.32  |j Mann  |x Soziologie  |0 (DE-627)106412663 
936 b k |a 15.07  |j Kulturgeschichte  |0 (DE-627)181569620 
936 b k |a 71.33  |j Frau  |x Soziologie  |0 (DE-627)106412671 
936 s n |a l100  |2 mzub 
936 s n |a n100  |2 mzub 
936 s n |a m200  |2 mzub 
936 s n |a c200  |2 mzub 
951 |a BO 
ELC |b 1 
LOK |0 000 xxxxxcx a22 zn 4500 
LOK |0 001 2873308974 
LOK |0 003 DE-627 
LOK |0 004 236890697 
LOK |0 005 20241011204316 
LOK |0 008 150728||||||||||||||||ger||||||| 
LOK |0 035   |a (DE-21-110)kd125575 
LOK |0 040   |a DE-21-110  |c DE-627  |d DE-21-110 
LOK |0 689   |a s  |a Männlichkeit 
LOK |0 689   |a s  |a Identität 
LOK |0 852   |z Kein Bestand am IfK; Nachweis für KrimDok 
LOK |0 852   |a DE-21-110 
LOK |0 852 1  |m v  |9 00 
LOK |0 935   |a k110 
LOK |0 938   |k v 
LOK |0 939   |a 28-07-15  |b l01 
ORI |a SA-MARC-krimdoka001.raw 
TIM |a 100010000101_100015001231  |b Geschichte 1000-1500